Pays par une seule indice #5 - Statistiques

Statistiques générales
  • Ce quiz a été pris 219 fois
  • Le résultat moyen est 12 sur 20
Statistiques - réponses
indice pays % Correct
A eu une «politique d'un seul enfant» jusqu'en 2016 Chine
95%
Situé entre l'Algérie et l'Egypte Libye
89%
4300 kilomètres de long, seulement 350 kilomètres de large Chili
86%
Entièrement entouré par l'Afrique du Sud Lesotho
85%
Pays avec les résidents les plus basques Espagne
84%
A été accusé d'interférer aux élections des États-Unis et de la France Russie
83%
Contrôle le canal de Suez Égypte
82%
Le pays a des frontières avec la Roumanie et la Turquie Bulgarie
77%
Contrôle les îles de Java et Célèbes Indonésie
71%
Pays où se trouvait l'ancienne ville de Carthage Tunisie
68%
Pays dont les espions fonctionnent pour le MI6 Royaume-Uni
67%
Selon la légende, ce pays a été fondé par Saint Marinus en 301 AD Saint-Marin
67%
Est-ce que les initiales RD République dominicaine
52%
La musique dub et ska vient d'ici Jamaïque
43%
Pays où le lac Victoria se jette dans le Nil Ouganda
43%
Pays où Tigres tamouls a combattu une rébellion Sri Lanka
38%
Le gomme à mâcher était interdit en 1992 Singapour
34%
A eu inflation de 800% en 2016 Venezuela
27%
Lieu de naissance des jumeaux conjoints Eng et Chang Thaïlande
26%
L'ancien chef Niyazov a commandé une statue d'or géante de lui-même qui a toujours tourné pour faire face au soleil - maintenant démoli Turkménistan
21%
Aucun quiz correspondant
Distribution des résultats
% des personnes avec chaque résultat
Percentile par nombre de réponses
Votre historique - résultats
Vous n’avez pas pris ce quiz